Deutsche Landeshauptstädte von Nord nach Süd - Statistiken

Allgemein
  • Dieses Quiz wurde 92 mal gespielt
  • Das Durchschnittsergebnis liegt bei 15 aus 16
Antwortstatistiken
Stadt Breitengrad % Korrekt
Hamburg 53° 33′ N
100%
Kiel 54° 19′ N
100%
Bremen 53° 5′ N
99%
Schwerin 53° 38′ N
99%
Berlin 52° 31′ N
94%
Hannover 52° 22′ N
94%
Potsdam 52° 24′ N
94%
München 48° 8′ N
92%
Düsseldorf 51° 14′ N
91%
Magdeburg 52° 8′ N
91%
Stuttgart 48° 47′ N
91%
Dresden 51° 3′ N
89%
Erfurt 50° 59′ N
89%
Saarbrücken 49° 14′ N
89%
Wiesbaden 50° 5′ N
89%
Mainz 50° 0′ N
88%
Keine übereinstimmenden Quizze gefunden
Verteilung der Resultate
Anzahl Personen mit jedem Resultat
Perzentil nach korrekt beantworteten Fragen
Ihre Resultats-Entwicklung
Sie haben dieses Quiz noch nicht gespielt